000 03307nam a22002537a 4500
003 URS
005 20240607192641.0
008 240514b |||||||| |||| 00| 0 eng d
050 0 0 _aLG 221.R59
_b.Al88 2022
100 1 _aAlvior, Elton John L.
_eResearcher
245 1 0 _aProblem-solving skills of Bachelor of Secondary Education students major in mathematics in University of Rizal System Rodriguez Campus/
_cElton John L. Alvior, Jemma B. Clavano [and] Rose G. Garado
260 1 _c2022
300 _axii, 77 leaves,
_billustrations,
_c28cm
336 _2text
_ardacontent
337 _2rdamedia
_aunmediated
338 _2rdacarrier
_avolume
502 _aUndergraduate Thesis
_bBachelor of Secondary Education Major in Mathematics
_cUniversity of Rizal System, Rodriguez, Rizal
_d2022
520 _aThe study aimed to determine the Problem-Solving skills of Bachelor of Secondary Education Major in Mathematics students of University of Rizal System Rodriguez Campus. The descriptive evaluative of research and qualitative research method were used in describing the level of problem-solving skills of students from Bachelor of Secondary Education major in Mathematics. Based on the data gathered Based on the data gathered from the respondents, the following findings were summarized as follows: The number of respondents has equally distributed in terms of year level. The majority of the respondents belong in 81-85 previous grades in Mathematics and the minority is below 80. The Level of problem-solving skills of Bachelor of Secondary Education major in Mathematics students in University of Rizal System Rodriguez Campus is satisfactory. Among different year levels, second-year students constitute a large portion of the population of students who mastered different competencies in College and Advanced Algebra. Based on the rubrics, Level II: Planning a Solution has the majority of respondents who reached this skill. The feedback of the respondents showed that Solving problems involving Linear and Quadratic Equations found the most difficult problems to solve. The Guess and Check method was the most used strategy in solving word problems. Solving problems needs a lot of time to solve. Based on the findings of the study, the researchers concluded that: The result shows the appropriate and unbiased distribution of the respondents. The previous grades of BSED-Mathematics are in average level. The BSED-Math students have enough skill in solving different problem in College and Advariced Algebra thereby reflecting a satisfactory problemsolving ability. The BSED-Math students have reached the problem solving skills of Level II: Planning a solution, The BSED-Math students have different approach to the problem, and have different competencies that need to be enhanced. Based on the results of the study, the following recommendations are hereby offered by the researchers: Students. They should practice more solving word problems to further develop the problem-solving skills. Parents. They should inspire their children by giving their full support in all aspects.
650 _2Problem-Solving skills
700 _aClavano, Jemma, B.
_eResearcher
700 _aGarado, Rose, G.
_eResearcher
700 _aLlarenas, Emmanuel, M.
_eAdviser
942 _2lcc
_cT
999 _c79901
_d79900